| 000 | 00690nam a2200217 a 4500 | ||
|---|---|---|---|
| 001 | 788 | ||
| 003 | CDMR | ||
| 005 | 20131121124140.0 | ||
| 008 | 130130s1971||||||||||||||||||||||||||||d | ||
| 020 | _a0394717880 | ||
| 040 |
_aCDMR _bcat _cCDMR |
||
| 100 | 1 |
_aCirino, Robert _9618 |
|
| 245 | 1 | 0 |
_aDon't blame the people _cRobert Cirino |
| 260 |
_aNew York _c1971 _bVintage Books |
||
| 300 | _a339 p. | ||
| 500 | _aA la coberta: How the news media use bias, distortion and censorship to manipulate public opinion | ||
| 650 | 0 | 4 |
_93243 _aMitjans de comunicació de massa _xManipulació |
| 650 | 0 | 4 |
_92537 _aOpinió pública |
| 650 | 0 | 4 |
_94097 _aAnàlisi de contingut (Comunicació) |
| 942 |
_cMON _2udc |
||
| 999 |
_c788 _d788 |
||